<?xml version="1.0" encoding="UTF-8"?>
<record
    xmlns:xsi="http://www.w3.org/2001/XMLSchema-instance"
    xsi:schemaLocation="http://www.loc.gov/MARC21/slim http://www.loc.gov/standards/marcxml/schema/MARC21slim.xsd"
    xmlns="http://www.loc.gov/MARC21/slim">

  <leader>00508nam a22001457a 4500</leader>
  <datafield tag="082" ind1=" " ind2=" ">
    <subfield code="a">547.4 MUN</subfield>
  </datafield>
  <datafield tag="100" ind1=" " ind2=" ">
    <subfield code="a">Munasinghe .V.R.N</subfield>
  </datafield>
  <datafield tag="245" ind1=" " ind2=" ">
    <subfield code="a">&#xDBB;&#xDC3;&#xDCF;&#xDBA;&#xDB1; &#xDC0;&#xDD2;&#xDAF;&#xDCA;&#x200D;&#xDBA;&#xDCF;&#xDC0; -chemistry -Level 2: &#xD85;&#xD9A;&#xDCF;&#xDB6;&#xDB1;&#xDD2;&#xD9A; &#xDBB;&#xDC3;&#xDCF;&#xDBA;&#xDB1;&#xDBA;  Inorganic chemistry</subfield>
  </datafield>
  <datafield tag="260" ind1=" " ind2=" ">
    <subfield code="a">Colombo</subfield>
    <subfield code="b">Open University</subfield>
    <subfield code="c">1989</subfield>
  </datafield>
  <datafield tag="300" ind1=" " ind2=" ">
    <subfield code="a">127p</subfield>
  </datafield>
  <datafield tag="490" ind1=" " ind2=" ">
    <subfield code="a">inorganic  chemistry -PSU 2603</subfield>
  </datafield>
  <datafield tag="505" ind1=" " ind2=" ">
    <subfield code="a">Bachelor of Science -Level 2</subfield>
  </datafield>
  <datafield tag="650" ind1=" " ind2=" ">
    <subfield code="a">inorganic Chemistry,&#xD85;&#xD9A;&#xDCF;&#xDB6;&#xDB1;&#xDD2;&#xD9A; &#xDBB;&#xDC3;&#xDCF;&#xDBA;&#xDB1;&#xDBA;</subfield>
  </datafield>
  <datafield tag="942" ind1=" " ind2=" ">
    <subfield code="c">REF</subfield>
  </datafield>
  <datafield tag="999" ind1=" " ind2=" ">
    <subfield code="c">798</subfield>
    <subfield code="d">798</subfield>
  </datafield>
  <datafield tag="952" ind1=" " ind2=" ">
    <subfield code="0">0</subfield>
    <subfield code="1">0</subfield>
    <subfield code="7">0</subfield>
    <subfield code="8">NFIC</subfield>
    <subfield code="a">IC</subfield>
    <subfield code="b">IC</subfield>
    <subfield code="c">GEN</subfield>
    <subfield code="d">2015-05-30</subfield>
    <subfield code="h">sinhala</subfield>
    <subfield code="l">0</subfield>
    <subfield code="o">546 MUN</subfield>
    <subfield code="p">004280</subfield>
    <subfield code="r">2015-05-30 00:00:00</subfield>
    <subfield code="y">REF</subfield>
  </datafield>
  <datafield tag="952" ind1=" " ind2=" ">
    <subfield code="0">0</subfield>
    <subfield code="1">0</subfield>
    <subfield code="7">0</subfield>
    <subfield code="8">NFIC</subfield>
    <subfield code="a">IC</subfield>
    <subfield code="b">IC</subfield>
    <subfield code="c">GEN</subfield>
    <subfield code="d">2015-05-30</subfield>
    <subfield code="h">sinhala -&#xDC3;&#xDD2;&#xD82;&#xDC4;&#xDC5;</subfield>
    <subfield code="l">0</subfield>
    <subfield code="o">547.4 MUN</subfield>
    <subfield code="p">001347</subfield>
    <subfield code="r">2015-05-30 00:00:00</subfield>
    <subfield code="w">2015-05-30</subfield>
    <subfield code="y">REF</subfield>
  </datafield>
</record>
